01177nam a2200277 a 450000100100000000500170001000800410002704000250006808200160009310000480010924000280015724000270018524501190021226000400033130000280037149000310039950100360043056300590046670000530052570000340057870000360061283000380064804900090068695201870069599900170088200003544520200930074340.0111031s1968 sp a 000 0 spa d aDO-SdBNPbspacBNPHU axxxxbM495c1 aMeersch, Maxence van der,d1907-195191381810aLe coeur purlFrancés13aLa compagnelFrancés14aLeed en mi corazón ;bla compañera /cMaxence van der Meersch ; traductor Pedro Pellicena , Matilde de Rafael. aBarcelona :bEdiciones G.P.,c1968. a315 p. :bil. ;c18 cm.1 aLos clasicos del siglo xx. aPublicado con : La compañera. aDos obras publicadas juntas con paginación continua.12aMeersch, Maxence van der,cLa compañera96128312aPellicena, Pedro,etr.96128412aRafael, Matilde de,etr.961285 4aLos clasicos del siglo xx.913639 aBNGR 001050718MOaGRbGRcCTd2011-10-31iLF1l0oxxxx M495cp35445-10r2020-06-25w2020-06-25y1zPerteneció a la biblioteca personal de Juan Isidro Jimenes GrullónZNo se presta c34936d34936